[Event "DVM U14 2022"]
[Site "Kelheim GER"]
[Date "2022.12.28"]
[Round "3"]
[White "Berresheim, Nils"]
[Black "Haubold, Christian"]
[Result "1/2-1/2"]
[Termination "normal"]
[Board "3.2"]
[WhiteElo "1755"]
[BlackElo "1981"]
[WhiteClock "00:16:15"]
[BlackClock "00:08:45"]
[WhiteTeam "Schachfreunde Essen-Katernberg 04/32 e. V."]
[BlackTeam "SG Einheit Staßfurt"]
[PlyCount "108"]
[WhiteFideId "16246306"]
[BlackFideId "16259629"]
[EventCountry "GER"]
[EventRounds "7"]
[EventType "team-swiss"]
[EventDate "2022.12.26"]

1. d4 {[%clk 01:30:56]} {[%emt 00:00:05]} Nf6 {[%clk 01:30:52]} {[%emt
00:00:08]} 2. c4 {[%clk 01:31:10]} {[%emt 00:00:16]} g6 {[%clk 01:31:11]}
{[%emt 00:00:10]} 3. Nc3 {[%clk 01:31:21]} {[%emt 00:00:20]} Bg7 {[%clk
01:31:25]} {[%emt 00:00:15]} 4. e4 {[%clk 01:31:10]} {[%emt 00:00:42]} d6
{[%clk 01:31:38]} {[%emt 00:00:17]} 5. Be2 {[%clk 01:30:58]} {[%emt 00:00:41]}
O-O {[%clk 01:31:38]} {[%emt 00:00:30]} 6. Be3 {[%clk 01:30:52]} {[%emt
00:00:35]} e5 {[%clk 01:30:51]} {[%emt 00:01:18]} 7. d5 {[%clk 01:30:34]}
{[%emt 00:00:49]} Na6 {[%clk 01:30:10]} {[%emt 00:01:11]} 8. g4 {[%clk
01:27:56]} {[%emt 00:03:08]} Nc5 {[%clk 01:29:26]} {[%emt 00:01:15]} 9. f3
{[%clk 01:25:35]} {[%emt 00:02:50]} h5 {[%clk 01:27:09]} {[%emt 00:02:46]} 10.
g5 {[%clk 01:23:35]} {[%emt 00:02:31]} Nh7 {[%clk 01:24:59]} {[%emt 00:02:40]}
11. Qd2 {[%clk 01:14:23]} {[%emt 00:09:42]} f5 {[%clk 01:18:29]} {[%emt
00:07:00]} 12. gxf6 {[%clk 01:10:45]} {[%emt 00:04:07]} Bxf6 {[%clk 01:15:04]}
{[%emt 00:03:55]} 13. O-O-O {[%clk 01:06:39]} {[%emt 00:04:36]} Bd7 {[%clk
01:11:36]} {[%emt 00:03:58]} 14. Rf1 {[%clk 00:51:54]} {[%emt 00:15:14]} Qe7
{[%clk 01:01:11]} {[%emt 00:10:56]} 15. Bd1 {[%clk 00:43:50]} {[%emt 00:08:34]}
Kf7 {[%clk 00:48:20]} {[%emt 00:13:22]} 16. Bc2 {[%clk 00:39:26]} {[%emt
00:04:53]} Ke8 {[%clk 00:42:00]} {[%emt 00:06:51]} 17. Qg2 {[%clk 00:36:31]}
{[%emt 00:03:22]} g5 {[%clk 00:36:22]} {[%emt 00:06:11]} 18. Nh3 {[%clk
00:33:14]} {[%emt 00:03:46]} Kf7 {[%clk 00:33:56]} {[%emt 00:02:57]} 19. Nf2
{[%clk 00:30:30]} {[%emt 00:03:12]} a5 {[%clk 00:31:47]} {[%emt 00:02:40]} 20.
Nd3 {[%clk 00:28:28]} {[%emt 00:02:32]} b6 {[%clk 00:27:16]} {[%emt 00:05:02]}
21. Rhg1 {[%clk 00:27:38]} {[%emt 00:01:20]} Rg8 {[%clk 00:27:18]} {[%emt
00:00:28]} 22. Qd2 {[%clk 00:26:43]} {[%emt 00:01:24]} Bh3 {[%clk 00:25:20]}
{[%emt 00:02:28]} 23. Rf2 {[%clk 00:25:27]} {[%emt 00:01:45]} Nxd3 {[%clk
00:22:45]} {[%emt 00:03:06]} 24. Bxd3 {[%clk 00:25:37]} {[%emt 00:00:21]} Nf8
{[%clk 00:21:47]} {[%emt 00:01:28]} 25. Bf1 {[%clk 00:24:21]} {[%emt 00:01:46]}
Bd7 {[%clk 00:19:48]} {[%emt 00:02:29]} 26. Rfg2 {[%clk 00:22:32]} {[%emt
00:02:18]} Bh3 {[%clk 00:18:44]} {[%emt 00:01:35]} 27. Rg3 {[%clk 00:20:59]}
{[%emt 00:02:01]} Bxf1 {[%clk 00:18:51]} {[%emt 00:00:25]} 28. Rxf1 {[%clk
00:21:27]} Nh7 {[%clk 00:13:49]} {[%emt 00:05:33]} 29. Rfg1 {[%clk 00:20:26]}
{[%emt 00:01:31]} Qd7 {[%clk 00:12:03]} {[%emt 00:02:17]} 30. Qg2 {[%clk
00:19:34]} {[%emt 00:01:21]} Rg7 {[%clk 00:09:22]} {[%emt 00:03:12]} 31. Qe2
{[%clk 00:14:38]} {[%emt 00:05:24]} Rag8 {[%clk 00:08:40]} {[%emt 00:01:14]}
32. h3 {[%clk 00:14:41]} {[%emt 00:00:27]} Rg6 {[%clk 00:08:09]} {[%emt
00:01:01]} 33. Bd2 {[%clk 00:14:34]} {[%emt 00:00:36]} Nf8 {[%clk 00:06:56]}
{[%emt 00:01:43]} 34. Kb1 {[%clk 00:14:07]} {[%emt 00:00:57]} Nh7 {[%clk
00:06:47]} {[%emt 00:00:41]} 35. Qd1 {[%clk 00:13:29]} {[%emt 00:01:07]} Nf8
{[%clk 00:06:08]} {[%emt 00:01:09]} 36. Qa4 {[%clk 00:13:13]} {[%emt 00:00:45]}
Qxa4 {[%clk 00:05:33]} {[%emt 00:01:06]} 37. Nxa4 {[%clk 00:13:41]} Nd7 {[%clk
00:05:26]} {[%emt 00:00:38]} 38. Nc3 {[%clk 00:12:57]} {[%emt 00:01:14]} Bd8
{[%clk 00:05:00]} {[%emt 00:00:56]} 39. Kc2 {[%clk 00:12:08]} {[%emt 00:01:19]}
R8g7 {[%clk 00:03:01]} {[%emt 00:02:29]} 40. Nd1 {[%clk 00:11:20]} {[%emt
00:01:18]} Rg8 {[%clk 00:01:54]} {[%emt 00:01:38]} 41. Ne3 {[%clk 00:11:12]}
{[%emt 00:00:37]} Nf8 {[%clk 00:26:46]} {[%emt 00:05:38]} 42. Nf5 {[%clk
00:39:05]} {[%emt 00:02:34]} Ke8 {[%clk 00:26:54]} {[%emt 00:00:25]} 43. b3
{[%clk 00:37:40]} {[%emt 00:01:55]} Kd7 {[%clk 00:26:05]} {[%emt 00:01:19]} 44.
a3 {[%clk 00:37:22]} {[%emt 00:00:48]} Bf6 {[%clk 00:19:32]} {[%emt 00:07:03]}
45. b4 {[%clk 00:37:29]} {[%emt 00:00:23]} a4 {[%clk 00:14:13]} {[%emt
00:05:50]} 46. Be3 {[%clk 00:36:21]} {[%emt 00:01:37]} Bd8 {[%clk 00:12:45]}
{[%emt 00:01:57]} 47. R3g2 {[%clk 00:35:37]} {[%emt 00:01:14]} Nh7 {[%clk
00:11:22]} {[%emt 00:01:55]} 48. Kd3 {[%clk 00:33:30]} {[%emt 00:02:36]} Nf6
{[%clk 00:08:17]} {[%emt 00:03:35]} 49. Rxg5 {[%clk 00:28:21]} {[%emt
00:05:39]} Rxg5 {[%clk 00:08:41]} {[%emt 00:00:06]} 50. Rxg5 {[%clk 00:28:21]}
{[%emt 00:00:30]} Rxg5 {[%clk 00:09:04]} {[%emt 00:00:07]} 51. Bxg5 {[%clk
00:28:46]} {[%emt 00:00:06]} Nxd5 {[%clk 00:08:38]} {[%emt 00:00:56]} 52. Bxd8
{[%clk 00:17:22]} {[%emt 00:11:52]} Nf4 {[%clk 00:09:01]} {[%emt 00:00:08]} 53.
Kc3 {[%clk 00:16:55]} {[%emt 00:00:56]} Kxd8 {[%clk 00:09:20]} {[%emt
00:00:12]} 54. h4 {[%clk 00:16:15]} {[%emt 00:01:09]} Ne2 {[%clk 00:08:45]}
{[%emt 00:01:06]} 1/2-1/2

[Event "DVM U14 2022"]
[Site "Kelheim GER"]
[Date "2022.12.28"]
[Round "3"]
[White "Lüersen, Lukas"]
[Black "Beck, Jason"]
[Result "1/2-1/2"]
[Termination "normal"]
[Board "3.4"]
[WhiteElo "1594"]
[BlackElo "1576"]
[WhiteClock "00:04:29"]
[BlackClock "00:52:01"]
[WhiteTeam "Schachfreunde Essen-Katernberg 04/32 e. V."]
[BlackTeam "SG Einheit Staßfurt"]
[PlyCount "85"]
[WhiteFideId "34628371"]
[BlackFideId "34608389"]
[EventCountry "GER"]
[EventRounds "7"]
[EventType "team-swiss"]
[EventDate "2022.12.26"]

1. e4 {[%clk 01:30:57]} {[%emt 00:00:02]} c5 {[%clk 01:30:53]} {[%emt
00:00:07]} 2. Nc3 {[%clk 01:31:17]} {[%emt 00:00:10]} d6 {[%clk 01:31:16]}
{[%emt 00:00:08]} 3. f4 {[%clk 01:31:40]} {[%emt 00:00:07]} g6 {[%clk
01:31:37]} {[%emt 00:00:08]} 4. Nf3 {[%clk 01:32:02]} {[%emt 00:00:08]} Bg7
{[%clk 01:31:50]} {[%emt 00:00:17]} 5. Bc4 {[%clk 01:32:25]} {[%emt 00:00:08]}
e6 {[%clk 01:32:09]} {[%emt 00:00:11]} 6. d3 {[%clk 01:32:13]} {[%emt
00:00:42]} Nc6 {[%clk 01:32:16]} {[%emt 00:00:22]} 7. O-O {[%clk 01:32:06]}
{[%emt 00:00:37]} Nge7 {[%clk 01:32:37]} {[%emt 00:00:09]} 8. Qe1 {[%clk
01:29:36]} {[%emt 00:03:00]} O-O {[%clk 01:32:59]} {[%emt 00:00:08]} 9. Qh4
{[%clk 01:26:26]} {[%emt 00:03:40]} d5 {[%emt 00:01:28]} 10. Bb3 {[%clk
01:24:39]} {[%emt 00:02:16]} Nd4 {[%clk 01:29:58]} {[%emt 00:02:35]} 11. Nxd4
{[%clk 01:00:02]} {[%emt 00:25:07]} Bxd4 {[%clk 01:30:17]} {[%emt 00:00:11]}
12. Kh1 {[%clk 01:00:26]} {[%emt 00:00:07]} Bd7 {[%clk 01:26:29]} {[%emt
00:04:17]} 13. exd5 {[%clk 00:51:22]} {[%emt 00:09:35]} Bxc3 {[%clk 01:21:42]}
{[%emt 00:05:17]} 14. dxe6 {[%clk 00:49:42]} {[%emt 00:02:10]} Bxe6 {[%clk
01:15:22]} {[%emt 00:06:49]} 15. bxc3 {[%clk 00:48:51]} {[%emt 00:01:21]} Nd5
{[%clk 01:13:53]} {[%emt 00:01:59]} 16. Qxd8 {[%clk 00:46:23]} {[%emt
00:02:58]} Raxd8 {[%clk 01:14:13]} {[%emt 00:00:10]} 17. Bxd5 {[%clk 00:44:49]}
{[%emt 00:02:05]} Bxd5 {[%clk 01:14:28]} {[%emt 00:00:15]} 18. c4 {[%clk
00:44:21]} {[%emt 00:00:57]} Bc6 {[%clk 01:14:49]} {[%emt 00:00:09]} 19. Bb2
{[%clk 00:43:51]} {[%emt 00:01:00]} Rfe8 {[%clk 01:13:07]} {[%emt 00:02:12]}
20. Rfe1 {[%clk 00:42:44]} {[%emt 00:01:38]} Ba4 {[%clk 01:13:06]} {[%emt
00:00:30]} 21. Bf6 {[%clk 00:37:49]} {[%emt 00:05:25]} Rc8 {[%clk 01:12:15]}
{[%emt 00:01:20]} 22. c3 {[%clk 00:35:36]} {[%emt 00:02:45]} Re6 {[%clk
01:11:23]} {[%emt 00:01:21]} 23. Rxe6 {[%clk 00:34:19]} {[%emt 00:01:47]} fxe6
{[%clk 01:11:47]} {[%emt 00:00:06]} 24. Rc1 {[%clk 00:33:07]} {[%emt 00:01:43]}
Kf7 {[%clk 01:10:42]} {[%emt 00:01:35]} 25. Be5 {[%clk 00:33:30]} {[%emt
00:00:07]} Rc6 {[%clk 01:09:19]} {[%emt 00:01:53]} 26. Rb1 {[%clk 00:31:18]}
{[%emt 00:02:42]} b6 {[%clk 01:09:40]} {[%emt 00:00:08]} 27. Rc1 {[%clk
00:31:38]} {[%emt 00:00:10]} a6 {[%clk 01:08:21]} {[%emt 00:01:48]} 28. d4
{[%clk 00:31:27]} {[%emt 00:00:42]} cxd4 {[%clk 01:08:36]} {[%emt 00:00:16]}
29. cxd4 {[%clk 00:31:39]} {[%emt 00:00:17]} Bb5 {[%clk 01:08:56]} {[%emt
00:00:11]} 30. c5 {[%clk 00:30:40]} {[%emt 00:01:29]} Bd3 {[%clk 01:07:43]}
{[%emt 00:01:42]} 31. Kg1 {[%clk 00:29:18]} {[%emt 00:01:52]} Be4 {[%clk
01:07:34]} {[%emt 00:00:39]} 32. Kf2 {[%clk 00:29:17]} {[%emt 00:00:31]} b5
{[%clk 01:06:39]} {[%emt 00:01:25]} 33. a3 {[%clk 00:28:45]} {[%emt 00:01:03]}
Bd5 {[%clk 01:03:55]} {[%emt 00:03:14]} 34. g3 {[%clk 00:28:22]} {[%emt
00:00:52]} a5 {[%clk 00:59:53]} {[%emt 00:04:32]} 35. Rb1 {[%clk 00:25:16]}
{[%emt 00:03:36]} Bc4 {[%clk 00:59:47]} {[%emt 00:00:36]} 36. Ke3 {[%clk
00:24:05]} {[%emt 00:01:41]} Rc8 {[%clk 00:58:02]} {[%emt 00:02:15]} 37. Kd2
{[%clk 00:22:12]} {[%emt 00:02:22]} Ke7 {[%clk 00:56:34]} {[%emt 00:01:58]} 38.
Kc3 {[%clk 00:21:22]} {[%emt 00:01:21]} Kd7 {[%clk 00:56:12]} {[%emt 00:00:52]}
39. a4 {[%clk 00:20:05]} {[%emt 00:01:47]} Kc6 {[%clk 00:56:02]} {[%emt
00:00:40]} 40. Ra1 {[%clk 00:11:48]} {[%emt 00:08:48]} Ra8 {[%clk 00:54:42]}
{[%emt 00:01:49]} 41. Rb1 {[%clk 00:10:47]} {[%emt 00:01:31]} Ra7 {[%clk
00:52:02]} {[%emt 00:03:10]} 42. Rb2 {[%clk 00:09:03]} {[%emt 00:02:14]} Rb7
{[%clk 00:52:01]} {[%emt 00:00:31]} 43. axb5 {[%clk 00:04:29]} {[%emt
00:05:04]} 1/2-1/2

[Event "DVM U14 2022"]
[Site "Kelheim GER"]
[Date "2022.12.28"]
[Round "3"]
[White "Wunderlich, Elias"]
[Black "Möller, Maurin"]
[Result "1-0"]
[Termination "normal"]
[Board "4.1"]
[WhiteElo "1789"]
[BlackElo "1998"]
[WhiteClock "00:09:18"]
[BlackClock "00:36:21"]
[WhiteTeam "SC Garching 1980 e.V."]
[BlackTeam "SK Blauer Springer Paderborn 1926 e. V."]
[PlyCount "83"]
[WhiteFideId "34608087"]
[BlackFideId "16265696"]
[EventCountry "GER"]
[EventRounds "7"]
[EventType "team-swiss"]
[EventDate "2022.12.26"]

1. e4 {[%clk 01:30:52]} {[%emt 00:00:07]} c5 {[%clk 01:30:51]} {[%emt
00:00:09]} 2. c3 {[%clk 01:31:15]} {[%emt 00:00:08]} d5 {[%clk 01:31:14]}
{[%emt 00:00:07]} 3. exd5 {[%clk 01:31:40]} {[%emt 00:00:05]} Qxd5 {[%clk
01:31:34]} {[%emt 00:00:10]} 4. d4 {[%clk 01:32:03]} {[%emt 00:00:07]} Nf6
{[%clk 01:31:41]} {[%emt 00:00:23]} 5. Nf3 {[%clk 01:32:20]} {[%emt 00:00:14]}
e6 {[%clk 01:31:44]} {[%emt 00:00:26]} 6. Be3 {[%clk 01:32:08]} {[%emt
00:00:42]} cxd4 {[%clk 01:30:53]} {[%emt 00:01:21]} 7. Nxd4 {[%clk 01:32:25]}
{[%emt 00:00:13]} a6 {[%clk 01:28:40]} {[%emt 00:02:43]} 8. Nd2 {[%clk
01:32:20]} {[%emt 00:00:35]} Be7 {[%clk 01:27:20]} {[%emt 00:01:50]} 9. Qf3
{[%clk 01:31:46]} {[%emt 00:01:03]} O-O {[%clk 01:25:49]} {[%emt 00:02:02]} 10.
Bc4 {[%clk 01:31:42]} {[%emt 00:00:34]} Qxf3 {[%clk 01:24:48]} {[%emt
00:01:31]} 11. N2xf3 {[%clk 01:31:32]} {[%emt 00:00:41]} b5 {[%clk 01:24:08]}
{[%emt 00:01:09]} 12. Bd3 {[%clk 01:31:33]} {[%emt 00:00:29]} Bb7 {[%clk
01:23:39]} {[%emt 00:01:00]} 13. O-O {[%clk 01:31:09]} {[%emt 00:00:54]} Nbd7
{[%clk 01:23:37]} {[%emt 00:00:31]} 14. Rfe1 {[%clk 01:30:56]} {[%emt
00:00:44]} Rfd8 {[%clk 01:22:50]} {[%emt 00:01:17]} 15. Rad1 {[%clk 01:28:17]}
{[%emt 00:03:09]} h6 {[%clk 01:17:10]} {[%emt 00:06:10]} 16. Bf4 {[%clk
01:27:19]} {[%emt 00:01:28]} Nd5 {[%clk 01:16:57]} {[%emt 00:00:43]} 17. Bg3
{[%clk 01:26:50]} {[%emt 00:00:59]} Nc5 {[%clk 01:16:37]} {[%emt 00:00:51]} 18.
Bc2 {[%clk 01:25:58]} {[%emt 00:01:19]} Rac8 {[%clk 01:16:03]} {[%emt
00:01:06]} 19. Ne5 {[%clk 01:22:27]} {[%emt 00:04:01]} h5 {[%clk 01:11:06]}
{[%emt 00:05:28]} 20. h4 {[%clk 01:07:49]} {[%emt 00:15:09]} Nb6 {[%clk
01:03:56]} {[%emt 00:07:40]} 21. Re2 {[%clk 00:44:34]} {[%emt 00:23:45]} Nca4
{[%clk 01:02:22]} {[%emt 00:02:04]} 22. Bb3 {[%clk 00:21:46]} {[%emt 00:23:19]}
Bc5 {[%clk 00:49:04]} {[%emt 00:13:47]} 23. Nxf7 {[%clk 00:17:52]} {[%emt
00:04:25]} Kxf7 {[%clk 00:48:07]} {[%emt 00:01:27]} 24. Bxe6 {[%clk 00:18:05]}
{[%emt 00:00:17]} Kf8 {[%clk 00:48:15]} {[%emt 00:00:21]} 25. Bxc8 {[%clk
00:17:56]} {[%emt 00:00:40]} Rxc8 {[%clk 00:47:23]} {[%emt 00:01:22]} 26. Ne6
{[%clk 00:18:15]} {[%emt 00:00:11]} Kf7 {[%clk 00:47:09]} {[%emt 00:00:45]} 27.
Nd8 {[%clk 00:18:29]} {[%emt 00:00:15]} Rxd8 {[%clk 00:47:05]} {[%emt
00:00:34]} 28. Rxd8 {[%clk 00:18:52]} {[%emt 00:00:06]} Bc8 {[%clk 00:43:59]}
{[%emt 00:03:36]} 29. Bd6 {[%clk 00:16:51]} {[%emt 00:02:31]} Bxd6 {[%clk
00:36:48]} {[%emt 00:07:42]} 30. Rxd6 {[%clk 00:17:18]} {[%emt 00:00:03]} Nc4
{[%clk 00:35:48]} {[%emt 00:01:30]} 31. Rc6 {[%clk 00:17:01]} {[%emt 00:00:47]}
Bf5 {[%clk 00:35:54]} {[%emt 00:00:24]} 32. b3 {[%clk 00:14:52]} {[%emt
00:02:38]} Nxc3 {[%clk 00:36:06]} {[%emt 00:00:19]} 33. Re1 {[%clk 00:14:56]}
{[%emt 00:00:27]} Nxa2 {[%clk 00:35:59]} {[%emt 00:00:37]} 34. bxc4 {[%clk
00:15:03]} {[%emt 00:00:22]} b4 {[%clk 00:36:12]} {[%emt 00:00:17]} 35. Rxa6
{[%clk 00:14:58]} {[%emt 00:00:35]} b3 {[%clk 00:36:37]} {[%emt 00:00:06]} 36.
Ra3 {[%clk 00:14:18]} {[%emt 00:01:09]} Bc2 {[%clk 00:36:44]} {[%emt 00:00:23]}
37. c5 {[%clk 00:14:03]} {[%emt 00:00:46]} Nb4 {[%clk 00:37:00]} {[%emt
00:00:14]} 38. Ra7 {[%clk 00:14:11]} {[%emt 00:00:22]} Kf6 {[%clk 00:37:20]}
{[%emt 00:00:10]} 39. c6 {[%clk 00:13:10]} {[%emt 00:01:31]} Bf5 {[%clk
00:36:38]} {[%emt 00:01:12]} 40. c7 {[%clk 00:12:20]} {[%emt 00:01:20]} Nd5
{[%clk 00:36:39]} {[%emt 00:00:29]} 41. Ra6 {[%clk 00:09:13]} {[%emt 00:03:37]}
Kf7 {[%clk 00:36:21]} {[%emt 00:00:48]} 42. Ra5 {[%clk 00:09:18]} {[%emt
00:00:24]} 1-0

[Event "DVM U14 2022"]
[Site "Kelheim GER"]
[Date "2022.12.28"]
[Round "3"]
[White "Rogalski, Niclas"]
[Black "Sajka, Noah"]
[Result "0-1"]
[Termination "normal"]
[Board "4.2"]
[WhiteElo "1523"]
[BlackElo "1233"]
[WhiteClock "00:02:01"]
[BlackClock "00:25:09"]
[WhiteTeam "SK Blauer Springer Paderborn 1926 e. V."]
[BlackTeam "SC Garching 1980 e.V."]
[PlyCount "84"]
[WhiteFideId "34640320"]
[BlackFideId "34608192"]
[EventCountry "GER"]
[EventRounds "7"]
[EventType "team-swiss"]
[EventDate "2022.12.26"]

1. e4 {[%clk 01:30:58]} {[%emt 00:00:02]} c5 {[%clk 01:30:55]} {[%emt
00:00:06]} 2. d4 {[%clk 01:31:20]} {[%emt 00:00:08]} cxd4 {[%clk 01:31:09]}
{[%emt 00:00:14]} 3. c3 {[%clk 01:31:44]} {[%emt 00:00:07]} g6 {[%clk
01:31:21]} {[%emt 00:00:18]} 4. Nf3 {[%clk 01:32:07]} {[%emt 00:00:07]} Bg7
{[%clk 01:31:01]} {[%emt 00:00:50]} 5. Bc4 {[%clk 01:31:22]} {[%emt 00:01:16]}
a6 {[%clk 01:26:45]} {[%emt 00:04:45]} 6. cxd4 {[%clk 01:30:11]} {[%emt
00:01:40]} d6 {[%clk 01:25:21]} {[%emt 00:01:54]} 7. Nc3 {[%clk 01:29:11]}
{[%emt 00:01:31]} e6 {[%clk 01:24:09]} {[%emt 00:01:41]} 8. O-O {[%clk
01:27:55]} {[%emt 00:01:47]} Ne7 {[%clk 01:23:13]} {[%emt 00:01:27]} 9. Qe2
{[%clk 01:22:53]} {[%emt 00:05:31]} O-O {[%clk 01:21:00]} {[%emt 00:02:42]} 10.
Rd1 {[%clk 01:20:50]} {[%emt 00:02:34]} b5 {[%clk 01:19:35]} {[%emt 00:01:55]}
11. Bb3 {[%clk 01:19:12]} {[%emt 00:02:08]} Nd7 {[%clk 01:18:06]} {[%emt
00:01:59]} 12. Bf4 {[%clk 01:15:19]} {[%emt 00:04:24]} Nb6 {[%clk 01:17:27]}
{[%emt 00:01:08]} 13. Rac1 {[%clk 01:11:51]} {[%emt 00:03:58]} Bb7 {[%clk
01:14:14]} {[%emt 00:03:43]} 14. a3 {[%clk 00:51:41]} {[%emt 00:20:41]} Qd7
{[%clk 01:09:46]} {[%emt 00:04:57]} 15. Be3 {[%clk 00:48:07]} {[%emt 00:04:04]}
d5 {[%clk 01:01:45]} {[%emt 00:08:31]} 16. Ne5 {[%clk 00:40:37]} {[%emt
00:08:00]} Qd8 {[%clk 00:59:42]} {[%emt 00:02:33]} 17. Bf4 {[%clk 00:33:50]}
{[%emt 00:07:16]} Rc8 {[%clk 00:55:02]} {[%emt 00:05:11]} 18. Bg3 {[%clk
00:28:54]} {[%emt 00:05:25]} Nc4 {[%clk 00:49:58]} {[%emt 00:05:34]} 19. Bxc4
{[%clk 00:23:15]} {[%emt 00:06:10]} bxc4 {[%clk 00:50:10]} {[%emt 00:00:18]}
20. Na4 {[%clk 00:19:00]} {[%emt 00:04:45]} dxe4 {[%clk 00:41:37]} {[%emt
00:09:02]} 21. Nc5 {[%clk 00:18:48]} {[%emt 00:00:43]} Ba8 {[%clk 00:41:52]}
{[%emt 00:00:14]} 22. Rxc4 {[%clk 00:17:47]} {[%emt 00:01:31]} Nf5 {[%clk
00:36:10]} {[%emt 00:06:13]} 23. Ra4 {[%clk 00:11:31]} {[%emt 00:06:46]} Nxg3
{[%clk 00:36:15]} {[%emt 00:00:24]} 24. hxg3 {[%clk 00:11:48]} {[%emt
00:00:11]} Bd5 {[%clk 00:28:32]} {[%emt 00:08:16]} 25. Ned7 {[%clk 00:06:44]}
{[%emt 00:05:34]} Re8 {[%clk 00:28:25]} {[%emt 00:00:36]} 26. Rxa6 {[%clk
00:06:37]} {[%emt 00:00:38]} Re7 {[%clk 00:27:02]} {[%emt 00:01:53]} 27. Qb5
{[%clk 00:05:28]} {[%emt 00:01:40]} Bc4 {[%clk 00:24:51]} {[%emt 00:02:41]} 28.
Qxc4 {[%clk 00:05:03]} {[%emt 00:00:54]} Rxd7 {[%clk 00:25:13]} {[%emt
00:00:08]} 29. Qb5 {[%clk 00:03:36]} {[%emt 00:01:57]} Rxd4 {[%clk 00:25:18]}
{[%emt 00:00:24]} 30. Rxd4 {[%clk 00:02:38]} {[%emt 00:01:28]} Qxd4 {[%clk
00:24:38]} {[%emt 00:01:11]} 31. b4 {[%clk 00:02:26]} {[%emt 00:00:42]} e3
{[%clk 00:24:52]} {[%emt 00:00:15]} 32. Qe2 {[%clk 00:00:41]} {[%emt 00:02:15]}
exf2 {[%clk 00:25:08]} {[%emt 00:00:14]} 33. Qxf2 {[%clk 00:01:02]} {[%emt
00:00:09]} Qd1 {[%clk 00:25:25]} {[%emt 00:00:14]} 34. Kh2 {[%clk 00:00:53]}
{[%emt 00:00:39]} Qh5 {[%clk 00:25:50]} {[%emt 00:00:05]} 35. Kg1 {[%clk
00:01:15]} {[%emt 00:00:08]} Rd8 {[%clk 00:26:06]} {[%emt 00:00:13]} 36. Qf3
{[%clk 00:00:55]} {[%emt 00:00:50]} Rd1 {[%clk 00:26:25]} {[%emt 00:00:12]} 37.
Kf2 {[%clk 00:01:20]} {[%emt 00:00:05]} Qh1 {[%clk 00:24:02]} {[%emt 00:02:53]}
38. Qe2 {[%clk 00:00:50]} {[%emt 00:01:00]} Qg1 {[%clk 00:24:17]} {[%emt
00:00:15]} 39. Kf3 {[%clk 00:01:13]} {[%emt 00:00:07]} Rf1 {[%clk 00:24:36]}
{[%emt 00:00:11]} 40. Kg4 {[%clk 00:01:28]} {[%emt 00:00:14]} h5 {[%clk
00:24:45]} {[%emt 00:00:21]} 41. Kg5 {[%clk 00:01:40]} {[%emt 00:00:18]} Rf5
{[%clk 00:25:09]} {[%emt 00:00:06]} 42. Kh4 {[%clk 00:02:01]} {[%emt 00:00:10]}
Qh2# {[%emt 00:00:04]} 0-1

[Event "DVM U14 2022"]
[Site "Kelheim GER"]
[Date "2022.12.28"]
[Round "3"]
[White "Chua, Daniel James"]
[Black "Klerx, Philipp"]
[Result "1-0"]
[Termination "normal"]
[Board "4.3"]
[WhiteElo "1416"]
[BlackElo "1400"]
[WhiteClock "01:20:58"]
[BlackClock "00:55:29"]
[WhiteTeam "SC Garching 1980 e.V."]
[BlackTeam "SK Blauer Springer Paderborn 1926 e. V."]
[PlyCount "43"]
[WhiteFideId "34608354"]
[BlackFideId "34640274"]
[EventCountry "GER"]
[EventRounds "7"]
[EventType "team-swiss"]
[EventDate "2022.12.26"]

1. e4 {[%clk 01:30:58]} c5 {[%clk 01:30:04]} {[%emt 00:00:57]} 2. d4 {[%clk
01:31:03]} {[%emt 00:00:25]} cxd4 {[%clk 01:30:14]} {[%emt 00:00:20]} 3. c3
{[%clk 01:30:49]} {[%emt 00:00:45]} dxc3 {[%clk 01:30:27]} {[%emt 00:00:16]} 4.
Nxc3 {[%clk 01:31:16]} {[%emt 00:00:03]} Nc6 {[%clk 01:30:47]} {[%emt
00:00:10]} 5. Nf3 {[%clk 01:31:08]} {[%emt 00:00:38]} d6 {[%clk 01:30:46]}
{[%emt 00:00:31]} 6. Bc4 {[%clk 01:31:32]} {[%emt 00:00:06]} e6 {[%clk
01:30:47]} {[%emt 00:00:29]} 7. O-O {[%clk 01:31:54]} {[%emt 00:00:07]} a6
{[%clk 01:31:02]} {[%emt 00:00:17]} 8. Qe2 {[%clk 01:32:05]} {[%emt 00:00:18]}
Be7 {[%clk 01:27:21]} {[%emt 00:04:11]} 9. Bf4 {[%clk 01:32:19]} {[%emt
00:00:16]} e5 {[%clk 01:27:34]} {[%emt 00:00:17]} 10. Be3 {[%clk 01:32:37]}
{[%emt 00:00:12]} Nf6 {[%clk 01:27:53]} {[%emt 00:00:11]} 11. Rfd1 {[%clk
01:32:40]} {[%emt 00:00:26]} Qc7 {[%clk 01:27:18]} {[%emt 00:01:06]} 12. Rac1
{[%clk 01:33:01]} {[%emt 00:00:10]} O-O {[%clk 01:27:24]} {[%emt 00:00:24]} 13.
Nd5 {[%clk 01:33:03]} {[%emt 00:00:28]} Qd8 {[%clk 01:24:00]} {[%emt 00:03:54]}
14. Bb6 {[%emt 00:02:08]} Qd7 {[%clk 01:23:37]} {[%emt 00:00:52]} 15. Nc7
{[%clk 01:31:36]} {[%emt 00:00:19]} Rb8 {[%clk 01:23:06]} {[%emt 00:01:02]} 16.
a3 {[%clk 01:23:40]} {[%emt 00:08:25]} Bd8 {[%clk 01:17:49]} {[%emt 00:05:47]}
17. Nd5 {[%clk 01:22:47]} {[%emt 00:01:21]} Nxd5 {[%clk 01:16:11]} {[%emt
00:02:10]} 18. exd5 {[%clk 01:22:44]} {[%emt 00:00:33]} Bxb6 {[%emt 00:10:15]}
19. dxc6 {[%clk 01:23:02]} {[%emt 00:00:10]} bxc6 {[%clk 01:06:42]} {[%emt
00:00:16]} 20. Nxe5 {[%clk 01:23:11]} {[%emt 00:00:20]} Qc7 {[%clk 00:58:48]}
{[%emt 00:08:25]} 21. Nxf7 {[%clk 01:22:28]} {[%emt 00:01:13]} Rxf7 {[%clk
00:55:29]} {[%emt 00:03:49]} 22. Qe8# {[%clk 01:20:58]} {[%emt 00:01:29]} 1-0